00942cam a2200301 i 45000010008000000030004000080050017000120080041000290100017000700150012000870200015000990400018001140410011001320430012001430820016001551300032001712450086002032600040002893000033003295000037003625040026003996100025004257000023004509060045004739420012005189990015005309520095005453254787OSt20230621152756.0800721s1979 fi a b 000 0 eng  a 80486316  aFi79-10 a951201808X aDLCcDLCdDLC1 aengfin ae-fi---00a328.48bBEL0 aSuomen eduskunta.lEnglish.14aThe Finnish parliament /ced. and ill. by Jussi Jäppinen ; transl., Aaron Bell. a[Jyväskylä] :bGummerus,c1979. a92, [3] p. :bill. ;c26 cm. aTranslation of Suomen eduskunta. aBibliography: p. [95]10aFinland.bEduskunta.1 aJäppinen, Jussi. a7bcbccorignewd4encipf19gy-gencatlg 2ddccBK c2265d2265 00102ddc4070a002b002d2023-06-21l0o328.48 BELp10001062r2023-06-21w2023-06-21yBK